000 00644nam a2200277Ia 4500
005 20260324120607.0
008 008 260324s9999 xx 000 0 eng d
020 _a9780429256813
037 _aEBOOK
040 _aCRL
040 _beng
040 _cCRL
041 _2eng
041 _aeng
084 _qCRL
100 _aAdam S. Crowe
_91159191
245 2 _aA Futurist's Guide to Emergency Management
260 _bTaylor and Francis
260 _c2015
365 _a
365 _b230
856 _uhttp://www.taylorfrancis.com/books/9780429256813
942 _cEBOOK
999 _c1750807
_d1750807